El general Martínez, un patriarcal presidente dictador : vívidos relatos históricos, con comentarios de actualidad, de algunos destacados y auténticos sucesos políticos, sociales y económicos, ocurridos en una época en la República de El Salvador en Centro América /
Kaydedildi:
| Yazar: | |
|---|---|
| Materyal Türü: | Kitap |
| Dil: | Spanish |
| Baskı/Yayın Bilgisi: |
Santa Anita [México] :
Editorial Tip. Ramírez,
entre 1973 and 1976]
|
| Edisyon: | 1. edición |
| Konular: | |
| Etiketler: |
Etiketle
Etiket eklenmemiş, İlk siz ekleyin!
|
MARC
| LEADER | 00000cam a2200000 i 4500 | ||
|---|---|---|---|
| 001 | 1782599 | ||
| 005 | 20150602145521.0 | ||
| 008 | 770125q19731976mx a 000 0bspa | ||
| 040 | |a DLC |c DLC |d DLC |d CRU CIICLA | ||
| 082 | |a 972.84 |b P397g | ||
| 100 | 2 | |a Peña Kampy, Alberto | |
| 245 | 1 | 3 | |a El general Martínez, un patriarcal presidente dictador : |b vívidos relatos históricos, con comentarios de actualidad, de algunos destacados y auténticos sucesos políticos, sociales y económicos, ocurridos en una época en la República de El Salvador en Centro América / |c Alberto Peña Kampy. |
| 250 | |a 1. edición | ||
| 260 | |a Santa Anita [México] : |b Editorial Tip. Ramírez, |c entre 1973 and 1976] | ||
| 300 | |a 207 páginas: |b ilustraciones | ||
| 600 | 1 | 4 | |a Hernández Martínez, Maximiliano. |
| 650 | 1 | 4 | |a PRESIDENTES |z EL SALVADOR |x BIOGRAFIA |
| 651 | 1 | 4 | |a EL SALVADOR |x POLITICA Y GOBIERNO |y 1838-1944 |
| 942 | |2 ddc |c BK | ||
| 999 | |c 4252 |d 4252 | ||
